Normal view
MARC view
Entry Personal Name
001 - CONTROL NUMBER
- control field: 53534
003 - CONTROL NUMBER IDENTIFIER
- control field: dpl
005 - DATE AND TIME OF LATEST TRANSACTION
- control field: 20121105151325.0
008 - FIXED-LENGTH DATA ELEMENTS
- fixed length control field: 121105|||a|||||| | ||| d
040 ## - CATALOGING SOURCE
- Original cataloging agency: dpl
- Transcribing agency: dpl
100 ## - HEADING--PERSONAL NAME
- Personal name: Gopal, M.
670 ## - SOURCE DATA FOUND
- Source citation: Work cat.: (dpl)14527: Gopal, M., Control systems :, 2008
670 ## - SOURCE DATA FOUND
- Source citation: Work cat.: (dpl)14527: Gopal, M., Control systems :, 2008
